[Event "WYCC 2018 O14"]
[Site "Halkidiki"]
[Date "2018.10.24"]
[Round "6"]
[White "Runets, Ivan"]
[Black "Kushagra Mohan"]
[Result "0-1"]
[WhiteElo "2047"]
[BlackElo "2283"]
[Annotator "NA"]
[PlyCount "82"]
[EventDate "2018.10.20"]
[EventType "swiss"]
[EventCountry "GRE"]
[SourceTitle "playchess.com"]
[Source "ChessBase"]
[SourceQuality "1"]
[TimeControl "40/5400+30:1800+30"]

1. d4 {[%emt 0:01:10]} Nf6 {[%emt 0:00:00]} 2. Nf3 {[%emt 0:00:05]} g6 {[%emt 0:00:00]} 3. g3 {[%emt 0:00:08]} Bg7 {[%emt 0:00:00]} 4. Bg2 {[%emt 0:00:07]} c5 {[%emt 0:00:00]} 5. O-O {[%emt 0:00:07]} cxd4 {[%emt 0:00:00]} 6. Nxd4 {[%emt 0:00:07]} O-O {[%emt 0:00:00]} 7. c4 {[%emt 0:00:11]} Nc6 {[%emt 0:00:00]} 8. Nc3 {[%emt 0:00:10]} Qa5 {[%emt 0:00:01]} 9. Nc2 {[%emt 0:23:36]} d6 {[%emt 0:01:01]} 10. Bd2 {[%emt 0:03:10] LiveBook: 61 Games} Qh5 {[%emt 0:01:22]} 11. b3 {[%emt 0:12:48] A38: Symmetrical English vs ...g6: 4 Bg2 Bg7 5 Nf3 Nf6} (11. e4 Ng4 12. h3 Nge5 13. Qxh5 gxh5 14. Ne3 Bxh3 15. f4 Bxg2 16. Kxg2 Ng4 17. Nf5 Bxc3 18. Bxc3 e6 19. Nxd6 {½-½ (33) Gledura,B (2613)-Markus,R (2617) Budapest 2017}) 11... Bh3 {[%emt 0:12:02]} 12. e3 $146 {[%emt 0:09:00]} ({Predecessor:} 12. Ne3 e6 13. Rc1 Bxg2 14. Nxg2 d5 15. Nf4 Qe5 16. cxd5 exd5 17. e3 Rad8 18. Qe2 Qf5 {0-1 (37) Blagojevic,D (2506)-Tadic,B (2493) Mosko 2015}) 12... Ng4 {[%emt 0:16:41]} 13. f3 {[%emt 0:08:16]} Nge5 {[%emt 0:00:46]} 14. Rb1 {[%emt 0:05:36]} Rad8 {[%emt 0:05:36]} 15. Qe2 {[%emt 0:05:11]} Bxg2 {[%emt 0:02:32]} 16. Kxg2 {[%emt 0:00:20]} f5 {[%emt 0:05:09]} 17. Nd4 {[%emt 0:08:14]} Nxd4 {[%emt 0:11:40]} 18. exd4 {[%emt 0:00:47]} Nc6 {[%emt 0:00:04]} 19. d5 {[%emt 0:00:31]} Ne5 {[%emt 0:00:16]} 20. Rbe1 {[%emt 0:05:08]} g5 {[%emt 0:04:32]} 21. f4 {[%emt 0:03:01]} Qxe2+ {[%emt 0:00:41]} 22. Rxe2 {[%emt 0:00:12]} gxf4 {[%emt 0:00:05]} 23. gxf4 {[%emt 0:01:58]} Ng6 {[%emt 0:01:52]} 24. Nb5 {[%emt 0:01:54]} a6 {[%emt 0:03:09]} 25. Nc7 {[%emt 0:01:25]} Rc8 {[%emt 0:00:18]} 26. Ne6 {[%emt 0:00:14]} Rfe8 {[%emt 0:00:01]} 27. Be3 {[%emt 0:01:21]} b5 $11 {[%emt 0:02:18]} 28. c5 {[%emt 0:02:19]} dxc5 {[%emt 0:00:43]} 29. Bxc5 {[%emt 0:00:13]} Bf6 {[%emt 0:01:09]} 30. b4 {[%emt 0:02:54]} Nf8 {[%emt 0:02:11]} 31. Nxf8 {[%emt 0:00:11]} Kxf8 {[%emt 0:03:10]} 32. Re6 {[%emt 0:00:18]} Kf7 {[%emt 0:01:31]} 33. Rxa6 {[%emt 0:00:54]} Rg8+ {[%emt 0:00:51]} 34. Kf3 {[%emt 0:00:29]} Rg4 {[%emt 0:02:49]} 35. Re1 {[%emt 0:01:10]} Rcg8 {[%emt 0:02:39]} 36. Bxe7 {[%emt 0:00:34]} Bc3 {[%emt 0:02:31]} 37. Rc1 {[%emt 0:02:43]} Bd2 {[%emt 0:01:35]} 38. Rc7 {[%emt 0:00:15]} Rxf4+ {[%emt 0:00:20]} 39. Ke2 {[%emt 0:01:03]} Rg2+ {[%emt 0:00:22]} 40. Kd3 {[%emt 0:00:00]} Rf3+ {[%emt 0:00:00]} 41. Kd4 {[%emt 0:01:34]} Be3+ {[%emt 0:00:26]} 0-1

[Event "WYCC 2018 O14"]
[Site "Halkidiki"]
[Date "2018.10.24"]
[Round "6"]
[White "Redzisz, Michal"]
[Black "Vettese, Nicholas"]
[Result "0-1"]
[WhiteElo "2026"]
[BlackElo "2338"]
[Annotator "NA"]
[PlyCount "46"]
[EventDate "2018.10.20"]
[EventType "swiss"]
[EventCountry "GRE"]
[SourceTitle "playchess.com"]
[Source "ChessBase"]
[SourceQuality "1"]
[TimeControl "40/5400+30:1800+30"]

1. d4 {[%emt 0:00:00]} Nf6 {[%emt 0:00:00]} 2. c4 {[%emt 0:00:00]} g6 {[%emt 0:00:00]} 3. f3 {[%emt 0:00:00]} c5 {[%emt 0:01:35]} 4. d5 {[%emt 0:04:47]} d6 {[%emt 0:08:33]} 5. Nc3 {[%emt 0:02:31]} Bg7 {[%emt 0:00:09]} 6. e4 {[%emt 0:00:14]} O-O {[%emt 0:00:38]} 7. Bd3 {[%emt 0:07:30] LiveBook: 7 Games E80: King's Indian: Sämisch: Lines without early ...0-0} (7. Bg5 h6 8. Be3 e6 9. Qd2 exd5 10. cxd5 Nh7 11. Bd3 Nd7 12. Nh3 Ne5 13. Nf2 f5 14. Be2 g5 15. exf5 Bxf5 16. h4 b5 17. hxg5 hxg5 18. Nxb5 Rb8 {0-1 (33) Najer,E (2682)-Mamedyarov,S (2772) Sochi 2017}) 7... e6 {[%emt 0:03:15]} 8. Bg5 {[%emt 0:13:23]} h6 {[%emt 0:09:24]} 9. Bh4 {[%emt 0:04:41]} exd5 {[%emt 0:02:30]} 10. exd5 {[%emt 0:00:45]} Nbd7 {[%emt 0:04:52]} 11. f4 {[%emt 0:01:42]} Qb6 $146 {[%emt 0:03:44]} ({Predecessor:} 11... a6 12. Nge2 b5 13. cxb5 Qc7 14. h3 {1-0 (58) Colon Romero,M-Campos Lopez,M Quito/Guayaquil 1969}) 12. Qc2 {[%emt 0:05:35]} Re8+ {[%emt 0:05:46]} 13. Nge2 {[%emt 0:00:55]} Ng4 {[%emt 0:00:17]} 14. Bf2 {[%emt 0:02:43]} Bd4 {[%emt 0:07:47]} 15. Bxd4 {[%emt 0:03:05]} cxd4 {[%emt 0:00:13]} 16. Nb5 {[%emt 0:04:59]} a6 {[%emt 0:02:41]} 17. Na3 {[%emt 0:08:19]} Nc5 {[%emt 0:05:22]} 18. O-O $19 {[%emt 0:04:46]} Nxd3 {[%emt 0:07:33]} 19. Qxd3 {[%emt 0:00:20]} Rxe2 {[%emt 0:00:30]} 20. b3 {[%emt 0:03:17]} Bf5 {[%emt 0:00:41]} 21. Qf3 {[%emt 0:00:51]} d3+ {[%emt 0:00:30]} 22. Kh1 {[%emt 0:00:10]} h5 {[%emt 0:03:20]} 23. c5 {[%emt 0:00:23]} Qxc5 {[%emt 0:00:23]} 0-1

[Event "WYCC 2018 O14"]
[Site "Halkidiki"]
[Date "2018.10.24"]
[Round "6"]
[White "Misyura, Ilya"]
[Black "Gharibyan, Mamikon"]
[Result "1/2-1/2"]
[WhiteElo "1967"]
[BlackElo "2314"]
[Annotator "ChessBase"]
[PlyCount "141"]
[EventDate "2018.10.20"]
[EventType "swiss"]
[EventCountry "GRE"]
[SourceTitle "playchess.com"]
[Source "ChessBase"]
[SourceQuality "1"]
[TimeControl "40/5400+30:1800+30"]

1. d4 {[%emt 0:00:00]} Nf6 {[%emt 0:00:00]} 2. c4 {[%emt 0:00:00]} e6 {[%emt 0:00:00]} 3. Nc3 {[%emt 0:00:00]} Bb4 {[%emt 0:00:00]} 4. e3 {[%emt 0:00:18]} O-O {[%emt 0:00:02]} 5. Bd3 {[%emt 0:00:16]} d5 {[%emt 0:00:10]} 6. cxd5 {[%emt 0:00:28]} exd5 {[%emt 0:00:46]} 7. Nge2 {[%emt 0:00:47]} b6 {[%emt 0:12:54]} 8. a3 {[%emt 0:11:55]} Bd6 {[%emt 0:01:48]} 9. b4 {[%emt 0:02:17]} Re8 {[%emt 0:03:24]} 10. O-O {[%emt 0:08:44]} Nbd7 {[%emt 0:11:09]} 11. f3 {[%emt 0:13:21]} c5 {[%emt 0:03:46]} 12. Rb1 {[%emt 0:24:28]} Nf8 {[%emt 0:05:43]} 13. bxc5 {[%emt 0:03:26]} bxc5 {[%emt 0:01:19]} 14. Nb5 {[%emt 0:04:39]} Be7 {[%emt 0:03:19]} 15. dxc5 {[%emt 0:00:38]} Bxc5 {[%emt 0:00:33]} 16. Nbd4 {[%emt 0:01:31]} Ng6 {[%emt 0:01:16]} 17. Re1 {[%emt 0:02:11]} Bd7 {[%emt 0:02:54]} 18. Bxg6 {[%emt 0:02:00]} hxg6 {[%emt 0:00:24]} 19. Qd3 {[%emt 0:01:43]} Qe7 {[%emt 0:04:01]} 20. Ng3 {[%emt 0:04:47]} Rab8 {[%emt 0:06:17]} 21. Rxb8 {[%emt 0:00:32]} Rxb8 {[%emt 0:00:06]} 22. Re2 {[%emt 0:01:29]} Rb6 {[%emt 0:17:25]} 23. Rb2 {[%emt 0:02:06]} Ne8 {[%emt 0:09:12]} 24. Rxb6 {[%emt 0:00:50]} axb6 {[%emt 0:00:25]} 25. Nge2 {[%emt 0:07:09]} Nd6 {[%emt 0:03:56]} 26. Nc3 {[%emt 0:00:52]} Qe5 {[%emt 0:00:41]} 27. f4 {[%emt 0:02:21]} Qe8 {[%emt 0:07:32]} 28. Nxd5 {[%emt 0:01:03]} Nf5 {[%emt 0:00:51]} 29. Nxf5 {[%emt 0:00:40]} gxf5 {[%emt 0:01:08]} 30. Nc3 {[%emt 0:00:30]} Bc6 {[%emt 0:00:39]} 31. Kf2 {[%emt 0:00:39]} Qc8 {[%emt 0:00:55]} 32. a4 {[%emt 0:01:11]} Bb7 {[%emt 0:00:49]} 33. Bb2 {[%emt 0:01:14]} f6 {[%emt 0:00:56]} 34. Qc4+ {[%emt 0:00:17]} Kh7 {[%emt 0:00:24]} 35. Qd3 {[%emt 0:00:29]} Kh8 {[%emt 0:00:19]} 36. Qb5 {[%emt 0:00:51]} Qe6 {[%emt 0:01:24]} 37. Bc1 {[%emt 0:00:14]} Bc6 {[%emt 0:00:22]} 38. Qd3 {[%emt 0:00:20]} Bb4 {[%emt 0:00:56]} 39. Ne2 {[%emt 0:01:22]} Bxa4 {[%emt 0:00:40]} 40. Nd4 {[%emt 0:00:00]} Qa2+ {[%emt 0:00:00]} 41. Qe2 {[%emt 0:05:36]} Qxe2+ {[%emt 0:05:50]} 42. Kxe2 {[%emt 0:00:30]} Bd7 {[%emt 0:00:05]} 43. Kd3 {[%emt 0:06:58]} Kg8 {[%emt 0:02:39]} 44. e4 {[%emt 0:01:45]} fxe4+ {[%emt 0:00:15]} 45. Kxe4 {[%emt 0:00:04]} Kf7 {[%emt 0:00:07]} 46. f5 {[%emt 0:00:32]} b5 {[%emt 0:03:00]} 47. Bb2 {[%emt 0:02:49]} Bd2 {[%emt 0:02:12]} 48. g4 {[%emt 0:02:30]} b4 {[%emt 0:00:03]} 49. Kd3 {[%emt 0:04:24]} Bf4 {[%emt 0:01:57]} 50. Kc4 {[%emt 0:00:15]} Bd6 {[%emt 0:01:08]} 51. Nc2 {[%emt 0:01:29]} Bc6 {[%emt 0:02:37]} 52. Nxb4 {[%emt 0:01:21]} Bf3 {[%emt 0:09:27]} 53. Nc2 {[%emt 0:01:31]} Bxg4 {[%emt 0:03:30]} 54. Ne3 {[%emt 0:00:43]} Be2+ {[%emt 0:03:18]} 55. Kd5 {[%emt 0:00:59]} Bxh2 {[%emt 0:00:03]} 56. Ke4 {[%emt 0:00:30]} Bd6 {[%emt 0:00:34]} 57. Bc3 {[%emt 0:01:04]} Ba6 {[%emt 0:01:10]} 58. Kf3 {[%emt 0:00:40]} Bb7+ {[%emt 0:00:26]} 59. Kg4 {[%emt 0:00:20]} Bc8 {[%emt 0:01:25]} 60. Kf3 {[%emt 0:01:59]} Bc5 {[%emt 0:00:29]} 61. Bd2 {[%emt 0:00:36]} Bxe3 {[%emt 0:00:09]} 62. Bxe3 {[%emt 0:00:05]} Bxf5 {[%emt 0:00:03]} 63. Kf4 {[%emt 0:00:17]} Bc2 {[%emt 0:00:44]} 64. Kg3 {[%emt 0:00:17]} Bd1 {[%emt 0:00:40]} 65. Bc1 {[%emt 0:00:35]} Ke6 {[%emt 0:00:24]} 66. Bd2 {[%emt 0:00:10]} Kf5 {[%emt 0:00:05]} 67. Bc1 {[%emt 0:00:06]} g5 {[%emt 0:00:30]} 68. Bd2 {[%emt 0:00:08]} Kg6 {[%emt 0:00:14]} 69. Bc1 {[%emt 0:00:11]} f5 {[%emt 0:00:04]} 70. Bd2 {[%emt 0:00:05]} f4+ {[%emt 0:00:14]} 71. Bxf4 {[%emt 0:00:05]} 1/2-1/2

[Event "WYCC 2018 O14"]
[Site "Halkidiki"]
[Date "2018.10.24"]
[Round "6"]
[White "Shermuhammadov, Samandar"]
[Black "Cohen Revivo, Shoham"]
[Result "1/2-1/2"]
[WhiteElo "1962"]
[BlackElo "2289"]
[Annotator "NA"]
[PlyCount "73"]
[EventDate "2018.10.20"]
[EventType "swiss"]
[EventCountry "GRE"]
[SourceTitle "playchess.com"]
[Source "ChessBase"]
[SourceQuality "1"]
[TimeControl "40/5400+30:1800+30"]

1. e4 {[%emt 0:00:00]} e6 {[%emt 0:00:00]} 2. d3 {[%emt 0:00:00]} d5 {[%emt 0:00:00]} 3. Nd2 {[%emt 0:00:00]} Nf6 {[%emt 0:00:03]} 4. Ngf3 {[%emt 0:00:00]} Nc6 {[%emt 0:00:05]} 5. c3 {[%emt 0:00:00]} e5 {[%emt 0:00:24]} 6. Be2 {[%emt 0:00:17]} Be7 {[%emt 0:01:26]} 7. O-O {[%emt 0:00:12]} O-O {[%emt 0:02:04]} 8. b4 {[%emt 0:00:08] C00: French: Unusual White 2nd moves} a6 {[%emt 0:00:08]} 9. Bb2 {[%emt 0:00:14]} Bg4 {[%emt 0:12:26]} (9... b5 10. Re1 Re8 11. a4 Rb8 12. axb5 axb5 13. Bf1 Be6 14. Ra6 {0-1 (44) Firman,N (2512)-Firat,B (2452) Rio Achaea 2018}) 10. Qc2 {[%emt 0:01:35]} Qd7 {[%emt 0:04:13]} 11. a3 {[%emt 0:00:58]} Rfe8 {[%emt 0:10:37]} 12. Rfe1 {[%emt 0:01:03]} dxe4 $146 {[%emt 0:08:02]} ({Predecessor:} 12... Rad8 13. Rad1 Qc8 14. Nf1 Bxf3 15. Bxf3 d4 {½-½ (46) Ruiz Manchon,F (2135)-Mas Recorda,P (2070) Sant Adria 2012}) 13. dxe4 {[%emt 0:00:09]} Rad8 {[%emt 0:07:06]} 14. Rad1 {[%emt 0:00:41]} Nh5 {[%emt 0:05:20]} 15. h3 {[%emt 0:03:35]} Bxf3 {[%emt 0:03:09]} 16. Nxf3 {[%emt 0:01:12]} Qe6 {[%emt 0:00:07]} 17. Rxd8 {[%emt 0:02:44]} Rxd8 {[%emt 0:00:07]} 18. Rd1 {[%emt 0:00:10]} Nf4 {[%emt 0:01:22]} 19. Bf1 {[%emt 0:00:39]} Rxd1 {[%emt 0:10:11]} 20. Qxd1 {[%emt 0:00:11]} Qd6 {[%emt 0:02:35]} 21. Qxd6 {[%emt 0:01:17]} Bxd6 {[%emt 0:00:18]} 22. c4 {[%emt 0:00:56]} f6 {[%emt 0:00:18]} 23. c5 {[%emt 0:00:27]} Be7 {[%emt 0:00:14]} 24. Bc4+ {[%emt 0:00:10]} Kf8 {[%emt 0:00:09]} 25. h4 {[%emt 0:00:36]} Ke8 {[%emt 0:07:31]} 26. g3 {[%emt 0:01:31]} Ng6 {[%emt 0:00:05]} 27. Bc3 {[%emt 0:00:52]} Nf8 {[%emt 0:01:52]} 28. Kf1 {[%emt 0:00:09]} Nb8 {[%emt 0:03:06]} 29. Nd2 {[%emt 0:00:42]} Kd7 {[%emt 0:01:54]} 30. Ke2 {[%emt 0:01:18]} b6 {[%emt 0:03:08]} 31. cxb6 {[%emt 0:00:33]} cxb6 {[%emt 0:00:04]} 32. Bd5 $11 {[%emt 0:01:23]} b5 {[%emt 0:02:03]} 33. Nb3 {[%emt 0:00:27]} Ne6 {[%emt 0:01:23]} 34. Ke3 {[%emt 0:01:07]} Nc6 {[%emt 0:02:35]} 35. f4 {[%emt 0:01:47]} Bd6 {[%emt 0:05:34]} 36. Bxc6+ {[%emt 0:09:35]} Kxc6 {[%emt 0:00:02]} 37. f5 {[%emt 0:01:27] Kd5} 1/2-1/2

[Event "WYCC 2018 O14"]
[Site "Halkidiki"]
[Date "2018.10.24"]
[Round "6"]
[White "Dao, Minh Nhat"]
[Black "Krallis, Christos"]
[Result "1-0"]
[WhiteElo "1956"]
[BlackElo "2139"]
[Annotator "NA"]
[PlyCount "52"]
[EventDate "2018.10.20"]
[EventType "swiss"]
[EventCountry "GRE"]
[SourceTitle "playchess.com"]
[Source "ChessBase"]
[SourceQuality "1"]
[TimeControl "40/5400+30:1800+30"]

1. d4 {[%emt 0:00:00]} Nf6 {[%emt 0:00:00]} 2. Bf4 {[%emt 0:00:00]} d5 {[%emt 0:00:00]} 3. e3 {[%emt 0:00:00]} c5 {[%emt 0:00:00]} 4. c3 {[%emt 0:01:04]} Nc6 {[%emt 0:00:00]} 5. Nd2 {[%emt 0:00:55]} e6 {[%emt 0:00:10]} 6. Ngf3 {[%emt 0:00:28]} Bd6 {[%emt 0:00:05]} 7. Bg3 {[%emt 0:01:20]} O-O {[%emt 0:00:24]} 8. Bd3 {[%emt 0:01:07]} b6 {[%emt 0:00:25]} 9. Ne5 {[%emt 0:03:49]} Bb7 {[%emt 0:00:22]} 10. f4 {[%emt 0:00:07]} Ne7 {[%emt 0:00:31]} 11. O-O {[%emt 0:01:59]} Nf5 {[%emt 0:04:53]} 12. Qf3 {[%emt 0:04:47]} Be7 {[%emt 0:05:36]} 13. Rad1 {[%emt 0:11:19]} cxd4 {[%emt 0:04:01]} 14. exd4 {[%emt 0:01:08]} g6 {[%emt 0:01:03]} 15. Qe2 {[%emt 0:26:41]} Nxg3 {[%emt 0:07:40]} 16. hxg3 {[%emt 0:00:11]} Ne8 {[%emt 0:01:44]} 17. Kf2 {[%emt 0:05:26]} Kg7 {[%emt 0:05:01]} 18. Rh1 {[%emt 0:01:21]} Rh8 {[%emt 0:00:45]} 19. Rde1 {[%emt 0:07:26]} Nd6 {[%emt 0:10:36]} 20. Qg4 {[%emt 0:07:54]} h5 {[%emt 0:07:45]} 21. Rxh5 {[%emt 0:06:41]} Rxh5 {[%emt 0:04:00]} 22. Nxf7 {[%emt 0:00:25]} Qe8 {[%emt 0:01:07]} 23. Nxd6 {[%emt 0:00:35]} Bxd6 {[%emt 0:04:24]} 24. Rxe6 {[%emt 0:00:05]} Rg5 {[%emt 0:00:17]} 25. fxg5 {[%emt 0:00:32]} Qf7+ {[%emt 0:00:40]} 26. Rf6 {[%emt 0:00:08]} Bc8 1-0

[Event "WYCC 2018 O14"]
[Site "Halkidiki"]
[Date "2018.10.24"]
[Round "6"]
[White "Horobrijs, Daniils"]
[Black "Munshi, Aditya"]
[Result "1-0"]
[WhiteElo "1918"]
[BlackElo "2133"]
[Annotator "TA"]
[PlyCount "193"]
[EventDate "2018.10.20"]
[EventType "swiss"]
[EventCountry "GRE"]
[SourceTitle "playchess.com"]
[Source "ChessBase"]
[SourceQuality "1"]

{[%evp 25,193,-26,-7,-16,-8,-11,6,-7,-8,-14,9,-14,-10,-9,0,0,0,0,14,0,6,4,14,0,22,19,24,7,26,31,20,26,28,10,23,21,21,3,24,22,16,0,7,9,29,0,0,0,47,29,69,7,70,64,60,42,42,57,58,68,159,159,175,174,166,170,168,167,162,154,207,191,190,117,122,122,122,54,54,69,69,69,68,77,111,0,0,0,0,0,0,0,8,8,46,53,75,9,75,75,75,75,75,75,323,322,459,0,0,0,448,441,356,280,122,221,467,377,531,529,373,489,479,460,413,435,412,398,336,339,29981,29981,29984,2146,3860,3365,29977,29978,29979,29980,29980,29980,29980,29979,29979,29980,29983,29983,29983,29984,29983,29984,29984,29985,29985,29985,29983,0,29985,29986,29987,29988,29988,29989,29989,29990,29990,29986,29994,29993]} 1. e4 c5 2. Nf3 d6 3. d4 cxd4 4. Nxd4 Nf6 5. Nc3 a6 6. Be2 e5 7. Nb3 Be7 8. O-O O-O 9. Be3 Be6 10. f4 exf4 11. Bxf4 Nc6 12. Kh1 Rc8 13. Nd4 Ne5 {LiveBook: 3 Games} 14. a3 {B92: Sicilian Najdorf: 6 Be2} (14. Nf5 Bxf5 15. exf5 Qb6 16. Rb1 Qc6 17. Qd4 Rfe8 18. Rbd1 b5 19. a3 Qb7 20. Rfe1 Bf8 21. Bg5 Nfd7 {1-0 (31) Toufighi,H (2379)-Firouzja,A (2469) Teheran 2016}) 14... Re8 $146 ({Predecessor:} 14... Nfd7 15. Nf5 Bxf5 16. exf5 Nf6 17. Qd4 Qc7 18. Rad1 Qc5 19. Bf3 Qxd4 20. Rxd4 Nxf3 21. Rxf3 d5 22. Rd2 {½-½ (22) Diaz Ramirez,F (2110)-Fluvia Frigola,J (2178) Banyoles 2003}) 15. Qd2 Nc4 16. Bxc4 {The position is equal.} Bxc4 17. Rfe1 Nh5 18. Nf5 Nxf4 19. Qxf4 Bf8 20. Rad1 {[%cal Rf5d6]} Qf6 21. Qg3 {[%cal Rf5d6]} Rcd8 22. Ne3 Be6 23. Ned5 Bxd5 24. Rxd5 Re6 25. Rf5 Qg6 26. Qf4 Rde8 27. Rf1 {[%cal Rf5f7]} f6 28. Qf3 Qf7 29. Rf4 Be7 30. Nd5 {aiming for Nc7.} Bd8 31. c4 Qg6 {[%cal Re6e4]} 32. Rg4 Qf7 33. b4 Re5 34. h3 Kh8 35. Ne3 g6 36. Nd5 $36 {[%mdl 2048] White has good play.} R8e6 37. Rf4 Kg7 38. Ne3 (38. a4 $14) 38... Qe8 (38... Re8 $11) 39. Ng4 $1 $14 {[%cal Rg4f6]} Rxe4 40. Rxe4 Rxe4 41. Nxf6 Bxf6 42. Qxf6+ {[%mdl 4096] Endgame KQR-KQR} Kg8 (42... Kh6 $1 $14) 43. Qxd6 $16 Re1 44. Qd5+ Kh8 45. Rxe1 Qxe1+ $18 {KQ-KQ} 46. Kh2 Qe7 47. c5 h5 (47... Kg7 $16 48. Qd4+ Kf7 49. Qc4+ Kg7 50. Qd4+ Kf7) 48. Qd6 Qe4 49. Qf8+ ({White should try} 49. a4 $18) 49... Kh7 $16 50. Qf3 Qe5+ 51. Kg1 (51. g3 $16) 51... Qe1+ $1 $14 52. Qf1 $1 {[%cal Rf1e1]} Qe3+ 53. Kh2 $1 {Strongly threatening Qf7+.} Qe5+ 54. Kh1 Qe4 55. b5 (55. Qf7+ $16 Kh6 56. Qf2) 55... axb5 $11 56. Qxb5 Qe1+ 57. Kh2 Qe5+ 58. g3 Qd5 59. Qb2 Kg8 60. Qc2 Kh7 61. a4 (61. h4 $1 $16) 61... Qc6 (61... h4 $1 $11 {remains equal.}) 62. h4 $16 Kg7 63. Qc4 Kh7 64. a5 {[%cal Ba4a5,Ba5a6][%mdl 32]} Qf3 $2 (64... Kg7 $16) 65. a6 $1 $18 Qf2+ 66. Kh3 $2 (66. Kh1 $1 $18) 66... Qf3 $11 {[%cal Rf3h1]} 67. Kh2 $2 {[%mdl 8192]} (67. Qc1 $11) 67... Qf2+ $18 68. Kh1 $1 Qf3+ 69. Kg1 $1 Qxg3+ 70. Kf1 Qf3+ $2 (70... bxa6 71. c6 Qc7) 71. Ke1 Qe3+ (71... Qf6 $142 72. axb7 Qa1+ 73. Ke2 Qb2+ 74. Kf3 Qxb7+ 75. c6 Qa8) 72. Kd1 Qf3+ 73. Kd2 Qf2+ 74. Kc1 Qe3+ 75. Kc2 Qf2+ 76. Kb3 $1 Qg3+ 77. Ka4 $1 {Qf7+ is the strong threat.} Qb8 $2 (77... Qc7 $18 78. Qd5 (78. a7 b5+ 79. Kxb5 Qb7+ 80. Ka4 Qxa7+ 81. Kb3 Qb7+ 82. Kc3 Qf3+ 83. Qd3 Qf6+ 84. Kb3 Qf7+ 85. Kb4 Qe7 $16) 78... Qf4+ 79. Ka5 Qc7+ 80. Kb5 bxa6+ 81. Kxa6 Kh6) 78. Qf7+ Kh6 79. Qxb7 (79. axb7 $142 g5 80. Qe7 Qa7+ 81. Kb4 Qa1 82. hxg5+ Kg6 83. Qf6+ $1 {[%mdl 512]} Qxf6 84. gxf6) 79... Qf4+ 80. Qb4 Qc7 81. Qd2+ Kh7 82. Qd6 Qf7 83. Kb5 Qb3+ 84. Ka5 Qa3+ {[#]} 85. Kb6 $1 Qb3+ 86. Ka7 Qf7+ 87. Kb8 Qe8+ 88. Kb7 Qe4+ 89. c6 Qb1+ 90. Ka7 Qg1+ 91. Kb7 Qb1+ 92. Ka8 {White mates.} Qa2 93. c7 Qg2+ 94. Ka7 Qf2+ 95. Qb6 Qf8 96. c8=Q Qf7+ 97. Qbc7 {Precision: White = 57%, Black = 33%.} 1-0

[Event "WYCC 2018 O14"]
[Site "Halkidiki"]
[Date "2018.10.24"]
[Round "6"]
[White "Trushko, Andrii"]
[Black "Mishra, Abhimanyu"]
[Result "0-1"]
[WhiteElo "1906"]
[BlackElo "2149"]
[Annotator "NA"]
[PlyCount "82"]
[EventDate "2018.10.20"]
[EventType "swiss"]
[EventCountry "GRE"]
[SourceTitle "playchess.com"]
[Source "ChessBase"]
[SourceQuality "1"]
[TimeControl "40/5400+30:1800+30"]

1. d4 {[%emt 0:00:00]} d5 {[%emt 0:00:00]} 2. Bf4 {[%emt 0:00:08]} Nf6 {[%emt 0:00:00]} 3. e3 {[%emt 0:00:04]} e6 {[%emt 0:03:52]} 4. Nd2 {[%emt 0:00:41]} c5 {[%emt 0:01:04]} 5. c3 {[%emt 0:00:02]} Nc6 {[%emt 0:00:24]} 6. Ngf3 {[%emt 0:00:24]} cxd4 {[%emt 0:01:15]} 7. cxd4 {[%emt 0:00:08]} Bd6 {[%emt 0:06:55]} 8. Bxd6 {[%emt 0:00:06]} Qxd6 {[%emt 0:00:14]} 9. Bb5 {[%emt 0:00:02]} Bd7 {[%emt 0:03:51]} 10. Bxc6 {[%emt 0:00:13]} Bxc6 {[%emt 0:02:34]} 11. O-O {[%emt 0:01:19]} Nd7 {[%emt 0:11:51]} 12. Rc1 {[%emt 0:01:42]} O-O {[%emt 0:02:42]} 13. a3 {[%emt 0:03:25]} Nb6 {[%emt 0:08:03]} 14. Re1 {[%emt 0:13:31]} Rac8 {[%emt 0:05:43]} 15. Qb3 {[%emt 0:00:44]} Ba4 {[%emt 0:07:54]} 16. Qd3 {[%emt 0:00:05]} a6 {[%emt 0:04:08]} 17. Ng5 {[%emt 0:09:47]} g6 {[%emt 0:08:08]} 18. f4 {[%emt 0:01:19]} Rc7 {[%emt 0:04:01]} 19. b4 {[%emt 0:06:31]} Rfc8 {[%emt 0:05:44]} 20. Rc5 {[%emt 0:16:22]} Bb5 {[%emt 0:03:13]} 21. Qb3 {[%emt 0:00:07]} Na4 {[%emt 0:01:58]} 22. Rec1 {[%emt 0:04:03]} Nxc5 {[%emt 0:01:46]} 23. bxc5 {[%emt 0:00:51]} Qd7 {[%emt 0:01:06]} 24. Ra1 {[%emt 0:00:31]} a5 {[%emt 0:04:58]} 25. Nb1 {[%emt 0:10:32]} Bc4 {[%emt 0:04:16]} 26. Qb6 {[%emt 0:00:39]} Qb5 {[%emt 0:01:25]} 27. Qxb5 {[%emt 0:00:06]} Bxb5 {[%emt 0:00:01]} 28. Nc3 {[%emt 0:00:09]} Bc6 {[%emt 0:02:03]} 29. Rb1 {[%emt 0:00:06]} b5 {[%emt 0:00:44]} 30. Nxb5 {[%emt 0:06:36]} Rb7 {[%emt 0:00:15]} 31. Nc3 {[%emt 0:01:49]} Rxb1+ {[%emt 0:00:52]} 32. Nxb1 {[%emt 0:00:05]} Rb8 {[%emt 0:00:32]} 33. Nd2 {[%emt 0:00:04]} Rb2 {[%emt 0:00:56]} 34. Ngf3 {[%emt 0:00:17]} Bb5 {[%emt 0:00:38]} 35. e4 {[%emt 0:03:26]} Ra2 {[%emt 0:01:08]} 36. exd5 {[%emt 0:00:12]} exd5 {[%emt 0:00:28]} 37. Kf2 {[%emt 0:03:37]} a4 {[%emt 0:00:57]} 38. g4 {[%emt 0:00:29]} Rxa3 {[%emt 0:00:25]} 39. Ne5 {[%emt 0:00:10]} Ra2 {[%emt 0:00:48]} 40. Ke3 {[%emt 0:00:00]} a3 {[%emt 0:00:00]} 41. Nd3 {[%emt 0:03:52]} Rxd2 {[%emt 0:02:58]} 0-1